Rubber Flooring materials for general purposes- Specification (First Revision) (Record no. 73948)

MARC details
000 -LEADER
fixed length control field 00421nam a2200133Ia 4500
245 #0 - TITLE STATEMENT
Title Rubber Flooring materials for general purposes- Specification (First Revision)
260 ## - PUBLICATION, DISTRIBUTION, ETC. (IMPRINT)
Place of publication New Delhi
260 ## - PUBLICATION, DISTRIBUTION, ETC. (IMPRINT)
Year of publication 1992
Name of publisher BIS
490 ## - SERIES STATEMENT
Series statement Flooring, wall Finishing& Roofing Sec Com, CED 5
500 ## - GENERAL NOTE
General note Standard number: IS 809
650 ## - SUBJECT ADDED ENTRY--TOPICAL TERM
Topical Term Rubber flooring materials
942 ## - ADDED ENTRY ELEMENTS (KOHA)
Koha item type Standards
Holdings
Withdrawn status Lost status Damaged status Not for loan Home library Current library Date acquired Koha item type
      Standards RRII Library RRII Library 31/12/2021 Standards